Responses for show #3661 - Monday, July 3, 2000

Contestants

Mike Fazioli, an editor from Fairfield, Connecticut

Glen Savory, an Air Force contracting officer originally from Georgetown, Massachusetts

Jeeks Rajagopal, a library technician from Fallon, Nevada (whose 1-day cash winnings total $7,500)

Jeopardy! Round responses

BODIES OF WATER
TV BOY GENIUSES
WORLD OF ISLAM
BIOLOGY
BEASTLY WORDS & PHRASES
THE UNDIE WORLD
(Alex: Not the under)
    $100 13
Lake

Mike
    $100 3
Doogie Howser, M.D.

Glen
    $100 1
570

Jeeks
    $100 9
Roots

Glen
    $100 21
Fish

Glen
    $100 26
Brassieres

Jeeks
    $200 14
Ocean

Mike
    $200 4
Foghorn Leghorn

Glen
    $200 2
Mecca

Glen
    $200 10
Genes

Glen
    $200 22
(J: What is a dogcrawl?)

Dogpaddle

JeeksGlen
    $200 27
Garter belt

Glen
    $300 15
Narrow

Mike
    $300 5
Malcolm (Malcolm In The Middle)

Jeeks
    $300 6
Ramadan

Jeeks
    $300 18
(G: What are reflexes?)

Nerves

JeeksGlen
    $300 23
Goose

Jeeks
    $300 28
Silk

Mike
    $400 16
Sounds

Jeeks
    $400 11
Steve Urkel

Jeeks
    $400 7
Jerusalem

Jeeks
    $400 19
(Jeeks: What is enamel?)
...
(Alex: Then the enamel's on top of the dentin.)

dentin

JeeksMike
    $400 24
(J: What is a wolf?)

Fox

JeeksMike
    $400 29
(G: What is a teddy?)

Baby doll

Glen
Triple Stumper
    $500 17
Cove

Triple Stumper
    $500 12
Dexter

Mike
    $400 8
(J: Who is Abraham?)

Jesus

Jeeks
    $500 20
Embryology

Triple Stumper
    $500 25
(and we have 1 minute to deal with the last category...)

Lion

Jeeks
    $500 30
Camisole

Triple Stumper

Scores at the first commercial break (after clue 14):

Jeeks Glen Mike
$1,100 $800 $800

Scores at the end of the Jeopardy! Round:

Jeeks Glen Mike
$1,700 $600 $2,200

Double Jeopardy! Round responses

VIVA LA REVOLUTION!
DOCUMENTARIES
TITLE REFERENCES
LET GEORGES DO IT
FRUITS & VEGETABLES
THE "UNDER" WORLD
    $200 8
Ozone layer

Glen
    $200 26
Woody Allen

Glen
    $200 6
London & Paris

Jeeks
    $200 13
Charles de Gaulle

Mike
    $200 1
Romaine

Glen
    $200 21
Undertaker

Mike
    $400 9
CNN (Cable News Network)

Glen
    $400 27
New York City

Mike
    $400 7
(Mike: What is hog slaughtering?)
(Alex: That was part of it; it was an indictment of the whole industry.)

the meatpacking industry

Mike
    $400 14
Orient Express

Mike
    $400 2
Kiwi fruit

Glen
    $400 22
Undergraduate

Jeeks
    $600 10
Property taxes

Glen
    $600 28
Police officers

Jeeks
    $600 18
St. Thomas More

Glen
    $600 15
Georges Clemenceau

Mike
    $1,200 3
Cantaloupe

Glen
    $600 23
Understudy

Jeeks
    $800 11
the Defense Department

Triple Stumper
    $1,100 29
James Carville

Jeeks
    $800 19
Mouse

Mike
    $800 16
Georges Braque

Jeeks
    $800 4
Cherries

Jeeks
    $800 24
Undercarriage

Glen
    $1000 12
(J: What is Hogs & High Heifers?)

The Stonewall Inn

JeeksMike
    $1000 30
(Alex: In answer to a question you are probably formulating right now, if we have a 3-way tie at the end of Final Jeopardy!, each of our contestants will receive the cash & they'd all be back tomorrow to play again. We've had 2-way ties, but never 3-way ties.)

The Buena Vista Social Club

Triple Stumper
    $1000 20
Bertie Wooster

Jeeks
    $1000 17
(M: What are maps?)

Recipes

Mike
Triple Stumper
    $1000 5
(J: What is a chili pepper?)
(G: What is a jalapeno?)

Tomatillo

JeeksGlen
Triple Stumper
    $1000 25
Underbelly

Glen

Scores at the end of the Double Jeopardy! Round:

Jeeks Glen Mike
$5,200 $5,200 $5,200

[wagering suggestions for these scores]

Final Jeopardy! Round responses

1962
(Alex: Good year!)
(Alex: The clue refers to the Cuban Missile Crisis.)
(Alex: Glen & Mike, both of you are co-champions & we'll see both of you back here tomorrow! Darn, Jeeks, I was hoping you'd bet it all too!)
MikeWho is Khruschev?
$5,200
GlenWho is Kruschev?
$5,200
JeeksWho is Nikita Khruschev?
$5,000
Nikita Khrushchev

Final scores:

Jeeks Glen Mike
$10,200 $10,400 $10,400
2nd place: Trip/Cruise to Hawaii New co-champion: $10,400 New co-champion: $10,400

Game dynamics:

Coryat scores:

Jeeks Glen Mike
$5,300 $4,600 $5,200
18 R
(including 1 DD),
6 W
(including 1 DD)
18 R
(including 1 DD),
3 W
15 R,
1 W

Combined Coryat: $15,100

The J! Archive is created by fans, for fans. The Jeopardy! game show and all elements thereof, including but not limited to copyright and trademark thereto, are the property of Jeopardy Productions, Inc. and are protected under law. This website is not affiliated with, sponsored by, or operated by Jeopardy Productions, Inc. Join the discussion at JBoard.tv.